Statistics for Cities by Country Map Quiz: Spanish Countries

Click here to take the quiz!

General Stats

  • This quiz has been taken 65 times
  • The average score is 3 of 9

Answer Stats

Answer % Correct
León
70%
Bolívar
59%
San Martín Texmelucan
55%
Puerto Padre
27%
San Germán
27%
Puerto Cortés
27%
Reconquista
25%
San Antonio de Ureca
23%
Las Piñas
18%

Score Distribution

Percentile by Number Answered

Percent of People with Each Score

Your Score History

You have not taken this quiz